00998nam a2200193 i 450000100060000000300090000600500170001500700030003200800410003510000350007624503520011126000700046330000430053353400540057665000420063065000210067270000900069385200210078399694ES-MaACL20250808224244.0t|050915s1946 sp f 00110 spa d1 aMartínez de Espinar, Alonso.10aArte de ballestería y montería : bescrita con methodo, para escusar la fatiga que ocasiona la ignorancia / cdedicale al Serenissmo. Señor Don Balthasar Carlos Fhilippe de Austria... Alonso Martinez de Espinar... ; [publicado por iniciativa de D. Alberto Comenge y Jerpe ; prólogo del Duque de Medinaceli y comentario del Conde de Yebes]. aMadrid : bEpesa [Ediciones y Publicaciones Españolas], c1946. aXXX, XXXV, 445 p., 6 lám. ; c25 cm. pReprod. de la ed. de: cMadrid : Imp. Real, 1644. 4aCaza mayor-vObras anteriores a 1800. 4aCaza con perros.1 aMedinaceli, Luis Jesús Fernández de Córdoba y Salabert, cDuque de, d1880-1956 aES-MaACLjE-1919